Sendai Metro Stations with map - Statistics

General Stats
  • This quiz has been taken 28 times
  • The average score is 18 of 30
Answers on the Map
Answers color-coded by a green-red scale on the quiz's map according to % correct below.
 
Answer Stats
Answer % Correct
Sendai 仙台
91%
Sendai 仙台
91%
Izumi Chuo (Vegalta Sendai·Yursta Mae) 泉中央(ベガルタ仙台・ユアスタ前)
73%
Nagamachi (IKEA Mae) 長町(IKEA(イケア)前)
73%
Kita Sendai 北仙台
68%
Yagiyama Zoological Park (Benyland Mae) 八木山動物公園(ベニーランド前)
68%
Kawauchi (Tohoku University Kawauchi Campus Mae) 川内(東北大学川内キャンパス前)
64%
Kotodai Koen (Pefectural Office City Hall Mae) 勾当台公園(県庁 市役所前)
64%
Yaotome 八乙女
64%
Aobayama (Tohoku University Aobayam Campus Mae) 青葉山(東北大学青葉山キャンパス前)
59%
Itsutsubashi (Tohoku Gakuin University Mae) 五橋(東北学院大学前)
59%
Nagamachi Minami 長町南
59%
Tomizawa (Kamei Arena Sendai Mae) 富沢(カメイアリーナ仙台前)
59%
Aobadori Ichibancho (Fujisaki Mae)青葉通一番町 (藤崎前)
55%
Arai (Taisei Housing Main Store Mae) 荒井(大成ハウジング本店前)
55%
Atagobashi 愛宕橋
55%
Dainohara 台原
55%
Hirosedori (Ichibancho Chuodori) 広瀬通(一番町 中央通り)
55%
International Center (Sendaijo Remains Entrance) 国際センター(仙台城跡入口)
55%
Kita Yobancho 北四番丁
55%
Miyaginodori (Yurtec Main Office Mae) 宮城野通 (ユアテック本社前)
55%
Rokuchonome (Sunpia Sendaimae) 六丁の目(サンピア仙台前)
55%
Asahigaoka (Hitachi Stadium Hall Sendai Mae) 旭ヶ丘 (日立システムズホール仙台前)
50%
Kawaramachi 河原町
50%
Kuromatsu (Heiwai Jutaku Information Center Main Store Mae) 黒松(平和住宅情報センター本店前)
50%
Nagamachi Itchome (City Hospital Mae) 長町一丁目(市立病院前)
50%
Omachi Nishi Koen (Kasho Sanzen Main Store Mae) 大町西公園 (菓匠三全 本店前)
50%
Oroshimachi (Sendai Wholesaler Center Mae)卸町(仙台卸商センター前)
50%
Rembo (Sendai Ichikomae) 連坊(仙台一高前)
45%
Yakushido (Seiwa Gakuenmae) 薬師堂(聖和学園前)
45%
No matching quizzes found
Score Distribution
Percent of People with Each Score
Percentile by Number Answered
Your Score History
You have not taken this quiz